Statistics for Glue Myself Shut - Noah Kahan (All Lyrics)

Click here to take the quiz!

General Stats

  • This quiz has been taken 7 times
  • The average score is 220 of 303

Answer Stats

Lyrics% Correct
a
100%
find
100%
I
100%
if
100%
If
100%
my
100%
way
100%
accept
75%
always
75%
And
75%
and
75%
ask
75%
asked
75%
at
75%
bags
75%
be
75%
bones
75%
building
75%
by
75%
clothes
75%
drinking
75%
each
75%
every
75%
everyone's
75%
fall
75%
father
75%
felt
75%
for
75%
got
75%
hall
75%
harbor
75%
heal
75%
hell
75%
here
75%
home
75%
in
75%
In
75%
last
75%
line
75%
little
75%
me
75%
meaning
75%
much
75%
myself
75%
never
75%
No,
75%
of
75%
off
75%
Oh,
75%
old
75%
once
75%
other
75%
our
75%
packed
75%
putting
75%
rattled
75%
reason
75%
red
75%
safe
75%
said
75%
scared
75%
season
75%
sense
75%
shut
75%
sick
75%
side
75%
sin
75%
stare
75%
still
75%
summer
75%
sunset
75%
That
75%
that
75%
the
75%
thin
75%
things
75%
think
75%
thunder
75%
To
75%
to
75%
too
75%
tree
75%
Until
75%
used
75%
was
75%
watched
75%
water
75%
We
75%
we
75%
wear
75%
were
75%
what
75%
wine
75%
with
75%
world
75%
would
75%
You
75%
you
75%
you'd
75%
Your
75%
your
75%
You're
75%
yourself
75%
You've
75%
after
50%
all
50%
Are
50%
breaking
50%
changing
50%
city
50%
cold,
50%
Constant
50%
do
50%
feels
50%
gambled
50%
glued
50%
hearts
50%
how
50%
It
50%
it
50%
lay
50%
leaves
50%
live
50%
noticed
50%
only
50%
raining
50%
real
50%
small
50%
souls
50%
this?
50%
why
50%
aren't
25%
blow
25%
Cape
25%
deadline
25%
does
25%
Elizabeth?
25%
fuckin'
25%
life
25%
Love
25%
missing
25%
rest
25%
Spend
25%
wind
25%

Score Distribution

Percentile by Number Answered

Percent of People with Each Score

Your Score History

You have not taken this quiz